| 000 | 01708nam a2200433 c 4500 | ||
|---|---|---|---|
| 999 |
_c49807 _d49807 |
||
| 001 | 49807 | ||
| 003 | ES-MaCES | ||
| 005 | 20250526142654.0 | ||
| 007 | cr ||||||||||| | ||
| 008 | 170804s2017 sp ||| ||spa d | ||
| 017 |
_aNA 784-2017 _bDL |
||
| 020 | _a9788491523581 | ||
| 040 |
_aES-MaCES _bspa _cES-MaCES |
||
| 100 | 1 |
_97894 _aBlasco Lahoz, José Francisco |
|
| 245 | 1 | 3 |
_aLa protección por muerte y superviencia en el sistema español de Seguridad Social _b: régimen general y regímenes especiales de la Seguridad Social _cJosé Francisco Blasco Lahoz |
| 250 | _a1ª ed | ||
| 260 |
_aCizur Menor (Navarra) _bThomson Reuters-Aranzadi _c2017 |
||
| 300 |
_a242 p. _c24 cm |
||
| 490 | 1 |
_aMonografías Aranzadi _v870. Aranzadi Derecho laboral |
|
| 500 | _aDisponible en formato electrónico mediante la aplicación PROVIEW | ||
| 500 | _aÍndice de sentencias: p. 209-242 | ||
| 504 | _aBibliografía: p. 193-207 | ||
| 541 | _cCompra | ||
| 650 | 4 |
_aprestaciones de supervivencia _929079 |
|
| 650 | 4 |
_aseguridad social _927034 |
|
| 650 | 4 |
_alegislación de seguridad social _929855 |
|
| 650 | 4 |
_arégimen universal de prestaciones _930153 |
|
| 650 | 4 |
_aregímenes especiales de Seguridad Social _931067 |
|
| 650 | 4 |
_aderecho del trabajo _927165 |
|
| 650 | 4 |
_aderecho jurisprudencial _929863 |
|
| 650 | 4 |
_aEspaña _926964 |
|
| 650 | 4 |
_acampo de aplicación _930263 |
|
| 653 | 1 | 0 | _aDerecho del trabajo y Seguridad Social |
| 830 | 0 |
_aMonografías Aranzadi _v870 _932673 |
|
| 830 | 0 |
_aMonografías Aranzadi _pDerecho laboral _933164 |
|
| 856 | 4 |
_uhttps://legalteca.aranzadilaley.es/my-library?sponsor=82111144-IP _yLegalteca |
|
| 902 | _aLIB Libro | ||
| 942 |
_2CES _cBK _h6.0.1. |
||